| Поле | Инд. | ПП | Название | Значение |
|---|---|---|---|---|
| Тип записи | a | |||
| Библиографический уровень | m | |||
| 001 | Контрольный номер | RU/IS/BASE/419088605 | ||
| 005 | Дата корректировки | 20161220111241.1 | ||
| 020 | a | ISBN | 978-5-94416-076-8 | |
| 040 | a | Служба первич. каталог. | НБ ТвГУ | |
| b | Код языка каталог. | rus | ||
| e | Правила каталог. | PSBO | ||
| 041 | 0_ | a | Код языка текста | rus |
| 080 | a | Индекс УДК | 330.101.54 | |
| 084 | a | Индекс другой классификации/Индекс ББК | У012 | |
| 090 | a | Полочн. индекс | У012 | |
| x | Авторский знак | М 59 | ||
| 245 | 10 | a | Заглавие | Микроэкономика. Макроэкономика: сборник кейсов |
| b | Продолж. заглавия | учебное пособие для преподавателей | ||
| c | Ответственность | под ред. С. Ф. Серегиной, А. В. Аносовой | ||
| 260 | a | Место издания | Москва | |
| b | Издательство | Маркет ДС | ||
| c | Дата издания | 2010 | ||
| 300 | a | Объем | 381, [1] с. | |
| b | Иллюстрации/ тип воспроизводства | ил. | ||
| 440 | _0 | a | Серия | Университетская серия |
| 520 | 0_ | a | Аннотация | Представленные в данном сборнике кейсы охватывают основные темы курсов микро- и макроэкономики. Пособие предназначено прежде всего для преподавателей неэкономических факультетов вузов, где уделяется значительное внимание прикладным аспектам экономической теории. В то же время ряд кейсов может быть использован для вводного и первого уровня курсов микро- и макроэкономики на экономических факультетах. Многие из предлагаемых в пособии кейсов успешно апробированы на занятиях со слушателями бизнес-школ, где читается курс "Экономика для менеджеров". |
| 653 | 0_ | a | Ключевые слова | Кейсы по микроэкономике |
| a | Ключевые слова | Кейсы по макроэкономике | ||
| a | Ключевые слова | Макроэкономика | ||
| a | Ключевые слова | Микроэкономика | ||
| a | Ключевые слова | Экономика | ||
| a | Ключевые слова | Экономическая теория | ||
| a | Ключевые слова | Методика преподавания экономических дисциплин | ||
| 700 | 12 | a | Другие авторы | Аносова, Анна Витальевна |
| q | Полное имя | Аносова, А. В. | ||
| 700 | 1_ | a | Другие авторы | Зороастрова, Ирина Владимировна |
| q | Полное имя | Зороастрова, И. В. | ||
| 700 | 1_ | a | Другие авторы | Касаткина, Анастасия Алексеевна |
| q | Полное имя | Касаткина, А. А. | ||
| 700 | 1_ | a | Другие авторы | Серегина, Светлана Федоровна |
| q | Полное имя | Серегина, С. Ф. | ||
| 700 | 1_ | a | Другие авторы | Ким, Игорь Александрович |
| q | Полное имя | Ким, И. А. | ||
| 901 | t | Тип документа | m | |
| 920 | a | Оператор | Густ | |
| 952 | c | Вид литературы | К ру | |
| 954 | a | Дата поступления на обработку | 20130412 |